| 000 | 02723nam0a2200397 4500 | ||
|---|---|---|---|
| 001 | RU\NLR\BIBL_A\022625959 | ||
| 005 | 20260420053645.0 | ||
| 010 |
_a978-5-9948-5145-6 _9100 |
||
| 021 |
_aRU _bКН-П-25-045551 _9КН-П-25-4424 |
||
| 035 | _a(NLR Aleph) 022625959 | ||
| 090 |
_a13684544 _c13684544 |
||
| 100 | _a20250919d2025 k y0rusy50 ca | ||
| 101 | 0 | _arus | |
| 102 | _aRU | ||
| 105 | _aach z 010zd | ||
| 181 | 0 |
_ai3 _baxxe |
|
| 182 | 0 | _an | |
| 200 | 1 |
_aОт истоков к современности. Кафедра аналитической, физической химии и физико-химии полимеров (60 лет) _eмонография _fЖ. Н. Малышева, Г. П. Духанин, Е. Г. Духанина [и др.] _gпод редакцией академика РАН И. А. Новакова _gМинистерство науки и высшего образования Российской Федерации, Волгоградский государственный технический университет |
|
| 203 |
_aТекст _bвизуальный _cнепосредственный |
||
| 210 |
_aВолгоград _cВолгГТУ _d2025 |
||
| 215 |
_a212, [3] с. _cил., портр., табл., факс., цв. ил., цв. портр. _d30 |
||
| 300 | _aВ кн. авт.: Ж. Н. Малышева, доц., канд. хим. наук, Г. П. Духанин, доц., канд. хим. наук, Е. Г. Духанина, доц., канд. хим. наук [и др.] | ||
| 300 | _aНа обл. авт. не указаны | ||
| 320 | _aБиблиогр.: с. 213 (9 назв.) | ||
| 601 | 0 | 2 |
_aВолгоградский государственный технический университет _bКафедра "Аналитическая, физическая химия и физико-химия полимеров" _92681993 _3RU\NLR\AUTH\6601761536 |
| 686 | 1 | _aЧ488.34(2Р-4Во)7 | |
| 701 | 1 |
_aМалышева _bЖ. Н. _f1944- _gЖанна Николаевна |
|
| 701 | 1 |
_aДуханин _bГ. П. _f1952- _gГеннадий Петрович |
|
| 701 | 1 |
_aДуханина _bЕ. Г. _f1987- _gЕкатерина Геннадьевна |
|
| 702 | 1 |
_aНоваков _bИ. А. _f1949- _gИван Александрович _4340 |
|
| 712 | 0 | 2 |
_4570 _aВолгоградский государственный технический университет _bКафедра "Аналитическая, физическая химия и физико-химия полимеров" _92679639 _3RU\NLR\AUTH\880631954 |
| 942 | _cBOOK | ||
| 980 | _aNB | ||